LEADER 01315nam a2200289 a 4500 001 000000126687 003 CaOOAMICUS 005 20111025132642.0 008 111025t2011 it a 000 u ita r 020 $a978-88-10-21129-8 040 $aPUL$bita 082 04$a226.5 100 1 $aD'Alessio, Davide,$d1969-$0(OLS)http://pul/name/37590 245 14$aUna comunitą di uomini liberi :$bsui passi del Vangelo di Giovanni /$cRenzo Mandirola. 260 $aBologna :$bEdizioni Dehoniane,$c©2011. 300 $a175 p. :$bill. ;$c21 cm. 490 1 $aLettura pastorale della Bibbia.$aBibbia e spiritualitą ;$v36 630 04$aBiblia.$pN.T.$pIohannes$xCommenti.$0(OLS)http://pul/subject/37921 830 0$aLettura pastorale della Bibbia.$pBibbia e spiritualitą ;$v36.$0(OLS)http://pul/title/65095 850 $aPUL 852 $aPUL$W1$xSL Religione 3$y85$m226. 5 DALDA 1$j146472$qDDC 21$B145179$CPULBib$Z2$F145179 $H118226 $82 941 1 $a9 996 $6020$a978-88-10-21129-8$9(OLS)http://pul/number/148242 996 $6082$a226.5$9(OLS)http://pul/classification/641 996 $6245$aUna comunitą di uomini liberi :$bsui passi del Vangelo di Giovanni$9(OLS)http://pul/title/160019 996 $6260$aBologna :$bEdizioni Dehoniane$9(OLS)http://pul/publisher/48070 LEADER 01429nam a2200337 u 4500 001 000000085398 003 CaOOAMICUS 005 20070226124201.0 008 050825s1992 it u000 u ita u 020 $a8839404791 035 $a11058375 040 $aPUL$bita 041 0 $aita$hger 100 1 $aSchweizer, Eduard,$d1913-$0(OLS)http://pul/name/24702 240 10$aTheologische Einleitung in das Neue Testament.$lItaliano.$0(OLS)http://pul/title/110825 245 10$aIntroduzione teologica al Nuovo Testamento /$cEduard Schweizer. 250 $aEd. italiana /$ba cura di Omero Soffritti. 260 $aBrescia :$bPaideia,$cc1992. 300 $a203 p. ;$c21 cm 490 1 $aNuovo Testamento. Supplementi ;$v2 500 $aInclude indici. 504 $aInclude riferimenti bibliografici. 630 04$aBiblia.$pN.T.$lItaliano.$0(OLS)http://pul/subject/28714 700 1 $aSoffritti, Omero.$0(OLS)http://pul/name/6838 830 0$aNuovo Testamento (Paideia).$pSupplementi ;$v2.$0(OLS)http://pul/title/43494 850 $aPUL 852 $aPUL$W1$xSL Religione 3$y85$m225.705/COLL/4.2$j108520$nBK-PRI$qDDC 21$B108520$CPULBib$Z2$F108520 $H99143 $82 941 1 $a9 996 $6020$a8839404791$9(OLS)http://pul/number/112998 996 $6245$aIntroduzione teologica al Nuovo Testamento$9(OLS)http://pul/title/110826 996 $6260$aBrescia :$bPaideia$9(OLS)http://pul/publisher/47884